Inter arma (Record no. 75124)
[ view plain ]
| 000 -LEADER | |
|---|---|
| campo de control de longitud fija | 00755nam a2200193 i 4500 |
| 001 - NÚMERO DE CONTROL | |
| campo de control | 75124 |
| 003 - IDENTIFICADOR DE NÚMERO DE CONTROL | |
| campo de control | ES-MaACL |
| 005 - FECHA Y HORA DE LA ÚLTIMA TRANSACCIÓN | |
| campo de control | 20230906172337.0 |
| 007 - CAMPO FIJO DE DESCRIPCIÓN FÍSICA--INFORMACIÓN GENERAL | |
| campo de control de longitud fija | t| |
| 008 - DATOS DE LONGITUD FIJA--INFORMACIÓN GENERAL | |
| campo de control de longitud fija | 040922s1916 xxk ||||1| eng d |
| 100 1# - ENTRADA PRINCIPAL--NOMBRE DE PERSONA | |
| Nombre de persona | Gosse, Edmund. |
| 9 (RLIN) | 59256 |
| 245 10 - MENCIÓN DEL TÍTULO | |
| Título | Inter arma |
| Resto del título | : being essays written in time of war / |
| Mención de responsabilidad, etc. | Edmund Gosse. |
| 260 ## - PUBLICACIÓN, DISTRIBUCIÓN, ETC. | |
| Lugar de publicación, distribución, etc. | London : |
| Nombre del editor, distribuidor, etc. | Heinemann, |
| Fecha de publicación, distribución, etc. | 1916. |
| 300 ## - DESCRIPCIÓN FÍSICA | |
| Extensión | XIII, 241 p. ; |
| Dimensiones | 19 cm. |
| 505 8# - NOTA DE CONTENIDO CON FORMATO | |
| Nota de contenido con formato | Contiene: War and literature.--The unity of France.--The desecration of French movements.--The Napoleonic wars in English poetry.--War poetry in France.--A French satirist in England.--The neutrality of Sweden. |
| 650 04 - PUNTO DE ACCESO ADICIONAL DE MATERIA--TÉRMINO DE MATERIA | |
| Término de materia o nombre geográfico como elemento de entrada | Guerra mundial, 1914-1918. |
| 9 (RLIN) | 13212 |
| 650 #4 - PUNTO DE ACCESO ADICIONAL DE MATERIA--TÉRMINO DE MATERIA | |
| Término de materia o nombre geográfico como elemento de entrada | Literatura y guerra. |
| 9 (RLIN) | 143400 |
| 852 ## - LOCALIZACIÓN | |
| Ubicación | ES-MaACL |
| Número de control de estantería | C-1047 |
| Estatus retirado | Estado de pérdida | Estado de daño | No para préstamo | Biblioteca de origen | Biblioteca actual | Ubicación en estantería | Fecha de adquisición | Fuente de adquisición | Total de préstamos | Signatura topográfica completa | Código de barras | Visto por última vez | Precio de reemplazo | Tipo de ítem Koha |
|---|---|---|---|---|---|---|---|---|---|---|---|---|---|---|
| Biblioteca del Ateneo de Madrid | Biblioteca del Ateneo de Madrid | Sala Palomar | 17/01/2008 | C-1047 | 1078630 | 23/02/2023 | 23/02/2023 | Libro impreso |
